000 00651nam a22002055i 4500
001 11709
003 ES-MaACL
005 20230906150146.0
007 t|
008 960313s1995 sp ||||0| spa j
020 _a84-7213-128-9
040 _aM-BN
_bspa
_cM-BN
080 _a809.24-3=60
100 1 _aTargarona Borrás, Judit.
_9109286
245 1 0 _aDiccionario hebreo/español
_b: bíblico, rabínico, medieval, moderno /
_cJudit Targarona Borrás.
260 _aBarcelona :
_bRiopiedras,
_cD.L. 1995.
300 _aXV, 1433 p ;
_c24 cm.
650 1 4 _aLengua hebrea-
_vDiccionarios-
_xEspañol.
_914259
852 _aES-MaACL
_jL-18996
_bR.125295
999 _c11709
_d11709